Las mujeres y las academias : (Record no. 166901)
[ view plain ]
| 000 -LEADER | |
|---|---|
| campo de control de longitud fija | 00876nam a2200217 i 4500 |
| 001 - NÚMERO DE CONTROL | |
| campo de control | 166901 |
| 003 - IDENTIFICADOR DE NÚMERO DE CONTROL | |
| campo de control | ES-MaACL |
| 005 - FECHA Y HORA DE LA ÚLTIMA TRANSACCIÓN | |
| campo de control | 20231223063113.0 |
| 008 - DATOS DE LONGITUD FIJA--INFORMACIÓN GENERAL | |
| campo de control de longitud fija | 960320s1891 sp |||| | spa d |
| 100 1# - ENTRADA PRINCIPAL--NOMBRE DE PERSONA | |
| Nombre de persona | Valera, Juan, |
| Fechas asociadas al nombre | 1824-1905 |
| 9 (RLIN) | 112638 |
| 245 14 - MENCIÓN DEL TÍTULO | |
| Título | Las mujeres y las academias : |
| Resto del título | cuestión social inocente / |
| Mención de responsabilidad, etc. | por Eleuterio Filogyno. |
| 260 ## - PUBLICACIÓN, DISTRIBUCIÓN, ETC. | |
| Lugar de publicación, distribución, etc. | Madrid : |
| Nombre del editor, distribuidor, etc. | Librería de Fernando Fé, |
| Fecha de publicación, distribución, etc. | 1891 ( |
| Fabricante | Est. tip. de Ricardo Fé) |
| 300 ## - DESCRIPCIÓN FÍSICA | |
| Extensión | 50 p. ; |
| Dimensiones | 19 cm. |
| 530 ## - NOTA DISPONIBLE DE FORMULARIO FÍSICO ADICIONAL | |
| Nota de formato físico adicional disponible | Disponible en formato digital. |
| 594 ## - Nota al título y mención de responsabilidad | |
| Nota al título y mención de responsabilidad | Eleuterio Filogyno es seud. de Juan Valera. |
| 650 #4 - PUNTO DE ACCESO ADICIONAL DE MATERIA--TÉRMINO DE MATERIA | |
| Término de materia o nombre geográfico como elemento de entrada | Instituciones culturales- |
| Subdivisión geográfica | España. |
| 9 (RLIN) | 13831 |
| 650 #4 - PUNTO DE ACCESO ADICIONAL DE MATERIA--TÉRMINO DE MATERIA | |
| Término de materia o nombre geográfico como elemento de entrada | Mujeres intelectuales- |
| Subdivisión geográfica | España. |
| 9 (RLIN) | 147264 |
| 852 ## - LOCALIZACIÓN | |
| Ubicación | ES-MaACL |
| Número de control de estantería | L-4899(6-4) |
| Nota libre | - Enc. hol. |
| -- | - Donativo Roda |
| 856 ## - LOCALIZACIÓN Y ACCESO ELECTRÓNICOS | |
| Identificador Uniforme de Recursos | <a href="http://bdh-rd.bne.es/viewer.vm?id=0000246943&page=1 ">http://bdh-rd.bne.es/viewer.vm?id=0000246943&page=1 </a> |
| Nota pública | Biblioteca Digital Hispánica |
| Estatus retirado | Estado de pérdida | Estado de daño | No para préstamo | Colección | Biblioteca de origen | Biblioteca actual | Ubicación en estantería | Fecha de adquisición | Fuente de adquisición | Total de préstamos | Signatura topográfica completa | Código de barras | Visto por última vez | Precio de reemplazo | Tipo de ítem Koha |
|---|---|---|---|---|---|---|---|---|---|---|---|---|---|---|---|
| Colección digital | Biblioteca del Ateneo de Madrid | Biblioteca del Ateneo de Madrid | Depósito 2 | 17/01/2008 | L-4899(4) | 1175073 | 23/02/2023 | 23/02/2023 | Libro impreso antiguo |
